[Event "Olympiad-36"]
[Site "Mallorca"]
[Date "2004.10.15"]
[Round "1"]
[White "Moiseenko, Alexander"]
[Black "Gunawan, Ruben"]
[Result "1-0"]
[WhiteElo "2653"]
[BlackElo "2467"]
[Annotator "Postny,E"]
[PlyCount "61"]
[EventDate "2004.10.15"]
[EventType "team-swiss"]
[EventRounds "14"]
[EventCountry "ESP"]
[SourceTitle "CBM 104"]
[Source "ChessBase"]
[SourceDate "2005.01.27"]
[SourceVersion "1"]
[SourceVersionDate "2005.01.27"]
[SourceQuality "1"]
[WhiteTeam "Ukraine"]
[BlackTeam "Indonesia"]
[WhiteTeamCountry "UKR"]
[BlackTeamCountry "INA"]

1. d4 c5 2. d5 e6 3. Nc3 (3. c4 Nf6 {leads to Benoni defense.}) 3... a6 (3...
exd5 4. Nxd5 Ne7 5. Bg5 h6 6. Bf6 Nbc6 7. e4 d6 8. Nf3 Be6 9. Nxe7 Nxe7 10.
Bb5+ Bd7 11. Bxd7+ Qxd7 12. Bxe7 Bxe7 13. Qd5 $14 {1/2-1/2 Khalifman,
A-Katalymov,B/Bad Woerishofen 1996/EXT 97 (55)}) ({Possible is} 3... Nf6 4. e4
d6) 4. a4 d6 5. e4 e5 $6 {After this move black gets a theoretical position
with a tempo down. This position may arise after 1.d4 c5 2.d5 e5 3.e4 d6 4.Nc3
a6 5.a4 and now there is black's turn, and after 5...Be7 or 5...g6 he gets
slightly worse, but playable position.} (5... Ne7 6. Nf3 exd5 7. exd5 Ng6 8. g3
Be7 9. h4 Bg4 10. h5 Ne5 11. Be2 Bxf3 12. Bxf3 Nxf3+ 13. Qxf3 O-O 14. O-O Nd7
15. Bf4 h6 16. Rfe1 Nf6 17. Nd1 Qd7 18. Ne3 $14 {1/2-1/2 Gurevich,D-Zelcic,R/
Geneve 1994/TD (73)}) (5... exd5 6. exd5 g6 7. Be2 Bg7 8. Nf3 Nh6 9. O-O O-O
10. Bg5 f6 11. Bf4 Nf7 12. Nd2 Nd7 13. h3 f5 14. Bh2 g5 15. f4 gxf4 16. Bxf4
Nde5 $132 {0-1 Chernikov,O-Zolnierowicz,K/Ceske Budejovice 1996/EXT 98 (40)})
6. f4 $1 {White must open the centre as soon as possible in order to emphasize
the drawbacks of black's position.} exf4 (6... Nd7 7. Nf3 g6 8. Bc4 Bg7 9. O-O
Ne7 10. fxe5 Nxe5 11. Nxe5 Bxe5 12. Qf3 O-O 13. Bh6 Bg7 14. Bxg7 Kxg7 15. Qf6+
Kg8 16. Rf4 b6 17. Raf1 $18 {1-0 Horvath,J-Schweizer,R/Lugano 2000/EXT 2001 
(20)}) 7. Bxf4 Ne7 $146 (7... b6 8. Nf3 Ne7 9. Bc4 Ng6 10. Bg3 Be7 11. O-O O-O
12. e5 dxe5 13. Nxe5 Nxe5 14. Bxe5 $36 {1-0 Deak,F-Schmidt,J/Balatonbereny
1997/EXT 2001 (31)}) 8. Nf3 Ng6 9. Bg3 Bg4 10. Be2 Bxf3 $6 {There was no
reason to strengthen white's centre. At least, black could wait for the move
h2-h3 and only then play Bxf3 gaining a tempo.} (10... Nd7) (10... Be7) 11.
gxf3 Be7 12. f4 Bf6 13. O-O O-O 14. Kh1 $6 ({Stronger would have been} 14. Bg4
{preventing black's idea connected with f7-f5.}) 14... Nd7 $6 {Missing the
chance for active counterplay.} (14... Bxc3 $1 15. bxc3 f5 $132 16. e5 $140 $2
dxe5 17. fxe5 f4 $17) 15. Bg4 $1 Re8 16. Qf3 Bd4 (16... Bxc3 17. bxc3 Nf6 18.
Bf5 Ne7 19. Bh3 $16) 17. Ne2 Bf6 18. Nc3 Bd4 19. Rae1 {Of course, white is not
interested in a three throw repetition...} Rb8 {Preparing b7-b5 advance, but
the main battle will be on the kingside, where white concentrated all his
forces.} 20. Nd1 b5 21. axb5 axb5 22. c3 Bf6 23. Ne3 c4 $6 {Black certainly
underestimated the danger.} (23... Bh4 $1 {trying to reduce white's attacking
potential.}) 24. Bxd7 {Time for concrete actions...} Qxd7 25. Ng4 Bd8 26. f5
Ne5 27. Bxe5 dxe5 28. f6 Rb6 $2 {After this move white has decisive advantage.}
(28... h5 $1 29. Nh6+ (29. Ne3 $142 $16) 29... Kh7 $1 (29... gxh6 $2 30. Rg1+
Kf8 31. d6 $3 Qe6 (31... Qxd6 32. Rg8+ {[%cal Rf3g3,Rg3g7] mating.}) 32. Qxh5
Qxf6 33. Ref1 Qe6 34. Rxf7+ Qxf7 35. Qxh6+ $18) 30. Qg3 (30. fxg7 $2 Kxh6) (30.
Nf5 g6 31. Ng7 Rh8 32. Nxh5 Kg8 $132) 30... g6 $8 (30... Bxf6 $2 31. Rxf6 gxf6
32. Rg1 Rg8 33. Nxg8 $18) 31. Rf5 Kxh6 32. Rg1 Bxf6 33. Rxf6 Rg8 34. Qxe5 Rbe8
35. Qd4 Qe7 $13) 29. Qg3 g6 30. Qh3 Qd6 $2 {Loses right away.} ({More
resistant would have been} 30... Kh8 31. Qh6 Rg8 32. Nxe5 Qe8 33. Ng4 $18) 31.
Nh6+ (31. Nh6+ Kf8 32. Nxf7 $1 Kxf7 33. Qxh7+ Kf8 34. Qg7#) 1-0

[Event "ESP-ch final"]
[Site "Seville"]
[Date "2004.08.21"]
[Round "2"]
[White "Illescas Cordoba, Miguel"]
[Black "Moreno Carnero, Javier"]
[Result "1-0"]
[WhiteElo "2618"]
[BlackElo "2507"]
[Annotator "Postny,E"]
[PlyCount "53"]
[EventDate "2004.08.20"]
[EventType "match"]
[EventRounds "2"]
[EventCountry "ESP"]
[SourceTitle "CBM 103"]
[Source "ChessBase"]
[SourceDate "2004.11.11"]
[SourceVersion "1"]
[SourceVersionDate "2004.11.11"]
[SourceQuality "1"]

1. d4 e6 2. c4 c5 3. d5 exd5 4. cxd5 d6 5. Nc3 g6 {Black is intentionally
delaying the development of the kingside knight, keeping an option to develop
it to e7.} 6. e4 Bg7 7. Nf3 Ne7 {The knight on e7 is placed passively compared
to "normal" Nf6. On the other hand the move in the text has some pluses as
well, namely: black keeps the long diagonal open for his dark-squared bishop
and in some cases black can carry out the f7-f5 counterplay without wasting
time.} (7... Nf6 {leads to main variations of Benoni defence A70-A79.}) 8. Bb5+
(8. Be2 {--> 0-1 Postny,E-Gofshtein,L/Israel 2002/CBM 88 [Gofshtein,L] (31)}) (
8. Bf4 a6 9. a4 Bg4 10. Be2 Bxf3 11. Bxf3 O-O 12. O-O Nc8 13. Qb3 b6 14. Bg4
Nd7 15. Rad1 Ne5 $11 {1/2-1/2 Farago,I-Tseitlin,M/Muenster 1996/CBM 55 ext (53)
}) 8... Nd7 $6 {Not the best choice.} (8... Bd7 9. a4 a6 10. Be2 Bg4 11. Nd2
Bxe2 12. Qxe2 O-O 13. Nc4 Re8 14. Bg5 Qc7 15. O-O Nd7 16. Qd2 Nc8 $11 {0-1
Dziuba,M-Przewoznik,J/Suwalki 1999/EXT 2000 (42)}) 9. Bf4 {[%csl Rd6]} a6 $146
(9... Qb6 10. Qb3 O-O 11. Bxd7 Bxd7 12. Qxb6 axb6 13. Bxd6 Rfe8 14. O-O Nc8 15.
Bc7 Bxc3 16. bxc3 Rxe4 17. Ne5 $16 {1-0 Gligoric,S-Larsen,B/Lugano 1968/MCD 
(45)}) 10. Bxd7+ Qxd7 {As a result of 8...Nd7, black has to recapture with the
queen and obstruct his queenside development.} 11. O-O O-O 12. e5 {The point
of the previous play. White is trying to take benefits on black's temporary
disharmony.} dxe5 13. Bxe5 b5 (13... Rd8 {[%csl Rd5]} 14. Bxg7 Kxg7 15. Qb3 $36
{[%cal Ga1d1]}) (13... f6 14. Bg3 Nf5 15. d6 $36 {[%csl Gd5]}) 14. d6 Nf5 (
14... Nc6 15. Bxg7 Kxg7 16. Qd5 $16) 15. Ne4 Qc6 16. Bxg7 Kxg7 17. Re1 {
It appeares that black can not really attack the Pd6, while the dark squares
in his camp are quite vulnerable.} Bb7 18. Rc1 Rad8 $2 {Giving up the Pc5
leads to a total collapse of black's position.} ({Black could get a playable
endgame after} 18... c4 19. Nd4 Qd5 20. Nxf5+ gxf5 21. Qxd5 Bxd5 22. Ng3 (22.
Nc5 Rfd8 23. d7 Bc6 24. Rcd1 Ra7 25. Rd6 Rc7 26. Red1 Kf8 $14) 22... Be6 $14)
19. Nxc5 Rxd6 {What else?} 20. Ne6+ fxe6 (20... Rxe6 21. Rxc6 Rxc6 22. Nd4 $18)
21. Rxc6 Rxd1 22. Rc7+ Kh6 23. Rxd1 {White is an exchange up and his rooks are
very active, which promise him an easy win.} Bxf3 24. gxf3 Nh4 25. Rdd7 Nxf3+
26. Kg2 Kg5 27. Rf7 1-0

[Event "Olympiad-36"]
[Site "Mallorca"]
[Date "2004.10.22"]
[Round "7"]
[White "Pelletier, Yannick"]
[Black "Kengis, Edvins"]
[Result "1-0"]
[WhiteElo "2589"]
[BlackElo "2543"]
[Annotator "Postny,E"]
[PlyCount "69"]
[EventDate "2004.10.15"]
[EventType "team-swiss"]
[EventRounds "14"]
[EventCountry "ESP"]
[SourceTitle "CBM 104"]
[Source "ChessBase"]
[SourceDate "2005.01.27"]
[SourceVersion "1"]
[SourceVersionDate "2005.01.27"]
[SourceQuality "1"]
[WhiteTeam "Switzerland"]
[BlackTeam "Latvia"]
[WhiteTeamCountry "SUI"]
[BlackTeamCountry "LAT"]

1. e4 d6 2. d4 Nf6 3. Nc3 g6 4. Nf3 Bg7 5. Be2 O-O 6. O-O c5 7. d5 e6 {A
typical idea in this opening line. Black is intending to put pressure on
white's Pd5.} ({Other playable continuations are:} 7... Bg4) (7... Na6 {
[%cal Ya6c7]}) 8. Bf4 {This move is a rare one in this specific position.} (8.
Nd2 exd5 9. exd5 Nbd7 10. Nc4 Nb6 {1-0 Prokopchuk,E-Wojtkiewicz,A/Moscow 2002/
CBM 88 [Tsesarsky] (60)}) (8. dxe6 Bxe6 9. Ng5 (9. Bf4 d5 10. exd5 Nxd5 11.
Nxd5 Bxd5 $11 {1/2-1/2 Dreev,A-Bareev,E/Wijk aan Zee 1995/CBM 45 (38)}) 9...
Nc6 10. f4 Nd4 11. Nxe6 fxe6 $132 {0-1 Zugic,I-Wojtkiewicz,A/New York 2000/CBM
76 ext (58)}) 8... exd5 9. exd5 Na6 10. Nd2 (10. Bxa6 $6 bxa6 11. Nd2 {[%csl
Rd6][%cal Gd2c4]} Nh5 12. Be3 f5 $132) 10... Nc7 {[%csl Rd5]} 11. Nc4 {[%csl
Rd6]} b5 $1 {Black must be consequent to achieve counterplay.} ({Too passive is
} 11... Nce8 $6 12. Bf3 b6 13. Nb5 Ba6 14. a4 Bxb5 15. axb5 Qc7 16. Re1 $16 {
1-0 Bistric,F-Cebalo,M/Kastel Stari 1997/CBM 57 ext (42)}) 12. Nxd6 b4 13. Na4
Ncxd5 (13... Nfxd5 $6 14. Bg3 Bd7 15. Nxc5 Bxb2 16. Bf3 Bc6 17. Rb1 Nc3 18.
Bxc6 Nxd1 19. Rfxd1 Qf6 20. Nd7 Qc3 21. Bxa8 {[%cal Rg3e5] 1-0 Shabalov,
A-Wojtkiewicz,A/Philadelphia 2000/CBM 79 ext (21)}) 14. Bg3 Qa5 15. b3 Ba6 16.
Re1 $6 $146 {This move is actually a waste of time.} (16. Bxa6 Qxa6 17. Qf3
Rad8 18. Nc4 $14 {1/2-1/2 Eingorn,V-Velimirovic,D/Bor 1986/EXT 97 (26)}) 16...
Rad8 17. a3 {Trying to create a targets on the queenside.} bxa3 18. c4 $2 {
This move is actually a losing one, but worked well in the game!} (18. Bxa6
Qxa6 19. Nxc5 Qc6 20. Ncb7 Rd7 (20... Nh5 21. Nxd8 Rxd8 22. Nf5 $1 Bf6 (22...
Bxa1 23. Ne7+ $18 {[%cal Gd1d8]}) (22... gxf5 23. Qxh5 Bxa1 24. Qg5+ $18 {
[%csl Rd8,Rg8]}) 23. Be5 Ne3 24. Qxd8+ Bxd8 25. Nxe3 $16) 21. Na5 Qc5 22. Nac4
Rfd8 23. Qf3 Rxd6 24. Bxd6 Rxd6 25. Nxd6 Qxd6 $13) 18... Ne7 $4 {This terrible
move is a turning point in the game.} ({The winning move was} 18... Nb4 $1 19.
Qc1 (19. Qb1 Nh5 $19) (19. Bf3 Ne8 20. Qd2 Nxd6 21. Bxd6 Rxd6 22. Qxd6 Nc2 $19)
19... Nh5 $1 20. Bxh5 Bxa1 21. Qxa1 Nc2 $19 {[%csl Ra1,Re1]}) 19. Qc1 Nc8 $6 ({
The least of the evils for black would have been} 19... Ne8 20. Ne4 Bxa1 21.
Qxa1 $44) 20. Nxc8 Bxc8 21. Be5 {After the white bishop occupied the diagonal
a1-h8, black is in serious troubles. White is intending simply to pick up all
black's weak pawns on the queenside, while black has no objects to attack.} Ne4
(21... Rfe8 22. Bc3 Qc7 23. Qxa3 $16 {[%csl Ra7,Rc5]}) 22. Bxg7 Kxg7 23. Qxa3
Rd2 24. Bf3 $1 Nxf2 25. Qxc5 Qd8 26. Rf1 Qf6 ({More stubborn would have been} 
26... Nd3 {, though after} 27. Qe3 Qa5 28. Bd5 {white has a winning position.})
27. Qe3 $1 {Now black can not avoid big material losses.} Rfd8 28. Bd5 R2xd5
29. cxd5 Ng4 30. Qxa7 Rd7 31. Rxf6 Rxa7 32. Rff1 {The rest of the game needs
no comments.} Bf5 33. Nc5 Rc7 34. Rac1 Ra7 35. d6 1-0

[Event "EU-ch 6th"]
[Site "Warsaw"]
[Date "2005.06.22"]
[Round "5"]
[White "Postny, Evgeny"]
[Black "Abergel, Thal"]
[Result "1-0"]
[WhiteElo "2556"]
[BlackElo "2456"]
[Annotator "Postny,E"]
[PlyCount "45"]
[EventDate "2005.06.18"]
[EventType "swiss"]
[EventRounds "13"]
[EventCountry "POL"]
[SourceTitle "CBM 108"]
[Source "ChessBase"]
[SourceDate "2005.09.26"]
[SourceVersion "1"]
[SourceVersionDate "2005.09.26"]
[SourceQuality "1"]

1. d4 Nf6 2. Nf3 c5 3. d5 b5 {A bit risky, but aggressive line where black is
trying to get an improved version of either Benoni defense or Benko gambit.} 4.
Bg5 Ne4 (4... Qa5+ {--> 1-0 Sakaev,K-Delchev,A/Ohrid 2001/CBM 84 [Tsesarsky] 
(10)}) (4... Qb6 5. Bxf6 Qxf6 6. c3 Qb6 7. a4 b4 8. Nbd2 Ba6 9. e4 Bxf1 10.
Kxf1 g6 11. g3 Bg7 12. Qc2 d6 13. Kg2 bxc3 14. bxc3 Nd7 15. Rhb1 Qa6 $11 {
1/2-1/2 Rustemov,A-Tregubov,P/New Delhi/Teheran 2000/CBM 80 (29).}) (4... d6 5.
Bxf6 exf6 6. e4 a6 7. a4 b4 8. Bd3 g6 {- see the annotated game Onischuk,
A-Ramirez,A/Wijk aan Zee 2005/CBM 105 [Postny,E]}) 5. Bf4 (5. Qd3 {- see the
annotated game Ehlvest,J-Van Wely,L/Liepajas 2004/CBM 103 [Postny,E]}) ({
Another common line is} 5. Bh4) 5... Bb7 (5... Qa5+ 6. Nbd2 Bb7 7. a4 Bxd5 8.
axb5 Qb6 (8... Qd8 9. Ra4 Nxd2 10. Nxd2 d6 11. e4 Bb7 12. Qa1 e5 13. Bg5 Be7
14. Bxe7 Kxe7 15. Bd3 Nd7 16. O-O {1-0 Hebden,M-Degraeve,J/Clichy 2001/CBM 85 
[Tsesarsky] (66)}) 9. Nxe4 Bxe4 10. Nd2 Bb7 11. e4 d6 12. Nc4 Qc7 13. Rxa7 Rxa7
14. b6 Qc8 15. bxa7 Nc6 16. Qa1 Qa8 17. Na5 Nxa7 18. Qa4+ Kd8 19. Nxb7+ Qxb7
20. Bd3 $18 {1-0 Nosenko,A-Potebnya,V/Chernigov 2005 (25)}) 6. a4 Qb6 $2 {
A bad novelty.} (6... Nf6 7. e4 (7. axb5 Nxd5 8. Bd2 Nf6 9. c4 g6 10. Nc3 Bg7
11. Qc2 a6 12. e4 O-O 13. Be2 axb5 14. Rxa8 Bxa8 15. cxb5 d6 16. O-O Nbd7 $132
{1-0 Kononenko,T-Calzetta,M/Chisinau 2005 (40)}) 7... Nxe4 8. Bxb5 e6 9. dxe6
fxe6 10. Nc3 Be7 11. Nxe4 Bxe4 12. Bxb8 Rxb8 13. Ne5 Rb7 14. O-O O-O 15. Bxd7
Kh8 16. Bc6 Bxc6 17. Nxc6 Qe8 18. Nxe7 Qxe7 19. b3 $16 {1-0 Tregubov,P-Kogan,A/
Bastia 2003 (60)}) (6... b4 7. c4 e6 8. Qd3 Nf6 9. e4 exd5 10. exd5 d6 11. Nbd2
$14 {1-0 Komarov,D-Degraeve,J/France 2002 (21)}) 7. axb5 Qxb5 8. Nbd2 $1 {
After only eight moves black's position is nearly lost!} Nxd2 9. Nxd2 d6 (9...
Bxd5 $2 10. e4 $18 {[%csl Rb5,Rd5]}) (9... Qxb2 $2 10. Rb1 Qf6 11. e3 {[%csl
Rb7,Rb8] winning a piece.}) 10. e4 Qd7 11. Nc4 g6 12. e5 {White has big
advantage in development, there he should open up the centre.} Bg7 $1 {The
only practical chance to complete the development at a price of a pawn.} 13.
exd6 O-O 14. Be2 exd6 15. O-O (15. Nxd6 $6 Bxb2 16. Rb1 Bc3+ 17. Kf1 Ba6 {
with some compensation.}) 15... Ba6 (15... Qf5 16. Bxd6 Rd8 17. Ra5 Qxd5 18.
Qxd5 Bxd5 19. Rxc5 Bxc4 20. Rxc4 Rxd6 21. Rc8+ Bf8 22. Bf3 $18) 16. Nxd6 Bxe2
17. Qxe2 Bxb2 {Black gained back a pawn, but white's rook will invade the 7th
rank with devastating consequences.} 18. Rab1 Bg7 19. Rb7 Qa4 20. Be5 {
Exchanging the key defender of black's king.} Qh4 (20... Bxe5 21. Qxe5 Qd4 22.
Nxf7 $1 Qxe5 23. Nxe5 $18) 21. Bxg7 Kxg7 22. Qe5+ Kg8 23. Ne8 {With too many
threats.} ({Another forced way to win was:} 23. Nxf7 Rxf7 24. Qe8+ Rf8 25. Qe6+
Kh8 26. Qe5+ Qf6 27. Qc7 {[%csl Rg7,Rh7]}) 1-0

[Event "Carlos Torre Wimbledon 17th"]
[Site "Merida"]
[Date "2004.12.17"]
[Round "1.1"]
[White "Milov, Vadim"]
[Black "Gonzalez Zamora, Juan Carlos"]
[Result "1-0"]
[WhiteElo "2683"]
[BlackElo "2524"]
[Annotator "Postny,E"]
[PlyCount "95"]
[EventDate "2004.12.13"]
[EventType "k.o."]
[EventRounds "4"]
[EventCountry "MEX"]
[SourceTitle "CBM 105"]
[Source "ChessBase"]
[SourceDate "2005.04.11"]
[SourceVersion "1"]
[SourceVersionDate "2005.04.11"]
[SourceQuality "1"]

1. d4 e6 2. c4 c5 3. d5 exd5 4. cxd5 d6 5. Nc3 Ne7 {A rare continuation. Black
is intending to transfer the knight to g6, where it will control the dark
squares on the kingside, while the dark-squared bishop will be developed to e7.
} (5... Nf6 {leads to the Benoni defense, A60-A79.}) 6. e4 Ng6 7. f4 {The most
principled way to meet black's setup. White gains space in the centre and the
kingside.} (7. Be2 Be7 8. Nf3 O-O 9. O-O Bf6 10. Be3 Re8 11. Nd2 a6 12. a4 Nd7
13. Re1 Bd4 14. Nc4 Qf6 15. Qd2 Nde5 16. Nxe5 Qxe5 17. Bf1 Bd7 18. a5 Bxe3 19.
Rxe3 Qd4 $132 {0-1 Ionov,S-Gavrilov,A/St Petersburg 2001/EXT 2002 (43)}) 7...
Be7 8. Nf3 O-O (8... Bf6 9. Bd3 O-O 10. O-O Nd7 11. Re1 Re8 12. Nb5 Qb6 13. a4
c4+ 14. Be3 Nc5 15. e5 dxe5 16. b4 cxb3 17. Rc1 b2 18. Rxc5 exf4 19. Bf2 $18 {
1-0 Thorfinnsson,B-Westerinen,H/Izmir 2004/CBM 102 ext (37)}) 9. Bc4 (9. Bd3 $6
{Not the best place for white's bishop.} Bg4 10. O-O a6 11. a4 Nd7 12. Qc2 Bxf3
13. Rxf3 Bf6 14. Bd2 Rc8 15. b3 Bd4+ 16. Kh1 Nf6 17. Ne2 Bxa1 {0-1 Zapata,
K-Peicheva Hansen,E/Mallorca 2004/CBM 102 ext (17)}) 9... a6 $146 {[%cal Gb7b5]
The previous game on this position also did not went well for black, so the
whole line seems to be just in white's favour.} (9... Nd7 10. a4 a6 11. g3 Bf6
12. O-O Re8 13. Re1 Rb8 14. Kg2 h6 15. h3 $14 {1-0 Van Wely,L-Gonzalez Zamora,
J/Mallorca 2004/CBM 104 [Postny,E] (67)}) 10. a4 Bf6 $6 {This is too slow.} ({
Possible is} 10... Nh4 11. O-O Nxf3+ 12. gxf3 (12. Qxf3 Nd7 $14) 12... Kh8 {
trying to carry out f7-f5 advance sooner or later.}) ({Comes to consideration
as well:} 10... Bg4 11. O-O Kh8 $5 {[%cal Gf7f5]}) 11. O-O Re8 12. Qc2 {
Protecting Pe4.} Nd7 13. Bd2 Nh4 14. Kh1 $1 Nxf3 15. gxf3 $1 {This is the best
recapture. White strengthens his centre and opens "g" file.} Rb8 16. Rg1 Bd4
17. Rg2 {White has nice attacking prospects on the kingside, while black has
no plan at all.} Nb6 {17...f5 was an interesting practical chance, though the
concrete variations are in white's favour anyway.} (17... f5 18. Ne2 Bf6 19.
Ng3 fxe4 (19... b5 20. axb5 axb5 21. Ba5 $16 {[%csl Rd8]}) (19... Nf8 20. Nh5
Ng6 (20... Bd4 21. Bc3 $40) 21. exf5 Nh4 22. Nxf6+ Qxf6 23. Bc3 $18) 20. fxe4
b5 21. axb5 axb5 22. Ba5 Qe7 (22... Ra8 23. Bxd8 Rxa1+ 24. Rg1 $18) (22... Nb6
23. Bxb5) 23. Nf5 Qxe4 (23... Qf8 24. Bc7 bxc4 25. Bxd6 Rxb2 26. Qxc4 Rxg2 27.
Bxf8 Bxa1 28. Kxg2 Kxf8 29. Nd6 $18) 24. Nxd6 Qxc2 25. Rxc2 bxc4 26. Nxe8 Bb7
27. Nxf6+ Nxf6 28. Kg1 Bxd5 29. Bc3 $16) 18. Ba2 Bh3 $6 (18... f5 19. Ne2 Bf6
20. Ba5 $18) ({The least of the evils black was} 18... Bd7 19. a5 Nc8 20. Ne2
Bf6 21. Rag1 b5 22. Bc3 g6) 19. Rg3 Qh4 $2 ({It was necessary to retreat with
the bishop.} 19... Bd7) 20. Be1 Qh6 21. Ne2 Bf6 22. f5 $18 {[%csl Rh3] Black's
Bh3 is now locked and white will win it very soon.} Nd7 (22... Be5 23. Bd2 Qh4
24. Bg5 Qh5 25. Nf4 Bxf4 26. Bxf4 $18 {[%csl Rd6,Rg7,Rh3,Rh5][%cal Ga1g1]}) (
22... Bxf5 23. exf5 Nxa4 24. Nc3 $18) 23. Bd2 Qh4 24. Ng1 {[%csl Rh3]} Bxf5 25.
exf5 b5 26. axb5 axb5 27. Rf1 Ra8 28. Bb1 ({Wins as well:} 28. Rg4 Qh5 29. Bb1)
28... Qd4 29. Bc3 Qxd5 {Black won second pawn, but white's coordinated forces
does not leave black a chance.} 30. Qg2 Bxc3 31. Be4 Qa2 32. Bxa8 Qxb2 33. Rf2
Qb1 34. Bc6 Rd8 35. Bxd7 Rxd7 36. f4 $1 {[%csl Rc3,Rg8][%cal Gg2a8] Nice
double threat. White is winning another piece.} h6 37. Rxc3 Qxf5 38. Rg3 g6 39.
Re3 Kg7 40. Ne2 Ra7 41. h3 Kh7 42. Ng3 Qf6 43. Qd5 b4 44. Kg2 Rc7 45. Ne4 Qd8
46. f5 {Black's king is doomed.} g5 47. f6 c4 48. Qf5+ 1-0